Hồ Chí Minh với văn nghệ sĩ văn nghệ sĩ với Hồ Chí Minh T.10 Tác phẩm âm nhạc
Gồm những ca khúc, hợp xướng, giao hưởng viết về Bác của giới nhạc sĩ
Gespeichert in:
| Weitere Verfasser: | , , , , |
|---|---|
| Format: | Buch |
| Sprache: | Vietnamese |
| Veröffentlicht: |
H.
Hội Nhà văn
2013
|
| Schlagworte: | |
| Tags: |
Tag hinzufügen
Keine Tags, Fügen Sie den ersten Tag hinzu!
|
| Thư viện lưu trữ: | Mạng thư viện Đại học Đà Nẵng |
|---|
| LEADER | 01657nam a2200433 4500 | ||
|---|---|---|---|
| 001 | 000019944 | ||
| 003 | 16385 | ||
| 005 | 20141204091249.0 | ||
| 008 | 141203s2013 viesd | ||
| 041 | 0 | |a vie | |
| 082 | 1 | 4 | |a 335.4346 |b Hôc |
| 245 | 1 | 0 | |a Hồ Chí Minh với văn nghệ sĩ văn nghệ sĩ với Hồ Chí Minh |c B.s.: Hữu Thỉnh (ch.b.), Trung Trung Đỉnh, Trần Quang Quý... |n T.10 |p Tác phẩm âm nhạc |
| 260 | |a H. |b Hội Nhà văn |c 2013 | ||
| 300 | |a 439 tr. |c 24 cm. | ||
| 504 | |a Thư mục: tr. 432-439 | ||
| 520 | |a Gồm những ca khúc, hợp xướng, giao hưởng viết về Bác của giới nhạc sĩ | ||
| 650 | 0 | 4 | |a Âm nhạc |x Hồ Chí Minh |
| 653 | |a Hồ Chí Minh, (1890-1969) | ||
| 653 | |a Lãnh tụ cách mạng | ||
| 653 | |a Việt Nam | ||
| 653 | |a Văn nghệ sĩ | ||
| 653 | |a Âm nhạc | ||
| 653 | |a Chính trị gia | ||
| 700 | |a Hữu Thỉnh |e ch.b. | ||
| 700 | |a Trung Trung Đỉnh |e b.s. | ||
| 700 | |a Trần Quang Quý |e b.s. | ||
| 700 | |a Phạm Sông Hồng |e b.s. | ||
| 700 | |a Nguyễn Khắc Trường |e b.s. | ||
| 773 | |t Hồ Chí Minh với văn nghệ sĩ văn nghệ sĩ với Hồ Chí Minh |w 4952 | ||
| OWN | |a LSP | ||
| AVA | |a UDN50 |b LSP |d 335.4346 Hôc |e available |t Error 5001 Not defined in file expand_doc_bib_avail. |f 6 |g 0 |h N |i 0 |k 1 | ||
| 999 | |a From the UDN01 | ||
| AVA | |a UDN50 |b LSP |d 335.4346 Hôc |e available |t Error 5001 Not defined in file expand_doc_bib_avail. |f 6 |g 0 |h N |i 0 |k 1 | ||
| TYP | |a Monograph | ||
| TYP | |a Printed language | ||
| 980 | |a Mạng thư viện Đại học Đà Nẵng | ||